| 000 | 00549nam a2200205Ia 4500 | ||
|---|---|---|---|
| 005 | 20250127053900.0 | ||
| 008 | 240331s9999 xx 000 0 und d | ||
| 020 | _a0275946118 | ||
| 082 |
_bDIX _23263 _a304.6 |
||
| 100 | _aDixon-Mueller, R | ||
| 245 | 0 |
_aPopulation Policy and Women's Rights: _bTransforming Reproductive Choice |
|
| 260 |
_aWestport _bPraeger Publishers _c1993 |
||
| 300 | _axiii, 287 p., | ||
| 650 | _aWomen | ||
| 650 | _aPopulation | ||
| 650 | _aWomen's Rights | ||
| 650 | _aFeminism | ||
| 650 | _aReproduction | ||
| 942 | _cL | ||
| 999 |
_c1475 _d1475 |
||